<?xml version="1.0" encoding="UTF-8"?>
<record
    xmlns:xsi="http://www.w3.org/2001/XMLSchema-instance"
    xsi:schemaLocation="http://www.loc.gov/MARC21/slim http://www.loc.gov/standards/marcxml/schema/MARC21slim.xsd"
    xmlns="http://www.loc.gov/MARC21/slim">

  <leader>01206    a2200181   4500</leader>
  <controlfield tag="003">Nust</controlfield>
  <controlfield tag="005">20221222085324.0</controlfield>
  <datafield tag="040" ind1=" " ind2=" ">
    <subfield code="c">Nust</subfield>
  </datafield>
  <datafield tag="082" ind1=" " ind2=" ">
    <subfield code="a">330,KHA</subfield>
  </datafield>
  <datafield tag="100" ind1=" " ind2=" ">
    <subfield code="a">Abdul Haleem Khawja</subfield>
    <subfield code="9">105584</subfield>
  </datafield>
  <datafield tag="245" ind1=" " ind2=" ">
    <subfield code="a">Intermediate economics Part-1 / </subfield>
    <subfield code="c">Abdul Haleem Khawja</subfield>
  </datafield>
  <datafield tag="260" ind1=" " ind2=" ">
    <subfield code="a">Khawja &amp; Khawja Publishing House</subfield>
    <subfield code="b">Islamabad</subfield>
    <subfield code="c">2003</subfield>
  </datafield>
  <datafield tag="300" ind1=" " ind2=" ">
    <subfield code="a">263 p</subfield>
    <subfield code="b">illus</subfield>
    <subfield code="c">24 cm</subfield>
  </datafield>
  <datafield tag="505" ind1=" " ind2=" ">
    <subfield code="a">Nature And Scope Of Economics (Page-1), Basic Terms And Concepts In Economics (Page-21), Consumption (Page-31), Demand (Page-44), Elasticity Of Demand (Page-52), Supply (Page-65), Equilibrium Of Demand And Supply (Page-75), Equilibrium Of Demand And Supply (Page-96), Production And Factors Of Production (Page-103), Scale Of Production And Laws Of Returns (Page-121), Market (Page-139), Firms Product, Cost And Revenues (Page-149), Equilibrium Of Firm And Industry (Page-160), The Theory Of Distribution (Page-170), Wages (Page-179), Rent (Page-192), Interest (Page-199), Profit (Page-207), Some Concepts Of Statistics (Page-211), Objective Questions (Page-219), Examination Papers (Page-260).</subfield>
  </datafield>
  <datafield tag="600" ind1=" " ind2=" ">
    <subfield code="a">Abdul Haleem Khawja</subfield>
    <subfield code="9">105584</subfield>
  </datafield>
  <datafield tag="650" ind1=" " ind2=" ">
    <subfield code="a">Intermediate economics Part-1</subfield>
    <subfield code="9">105585</subfield>
  </datafield>
  <datafield tag="942" ind1=" " ind2=" ">
    <subfield code="2">ddc</subfield>
    <subfield code="c">BK</subfield>
    <subfield code="k">330,KHA</subfield>
  </datafield>
  <datafield tag="999" ind1=" " ind2=" ">
    <subfield code="c">184533</subfield>
    <subfield code="d">184533</subfield>
  </datafield>
  <datafield tag="952" ind1=" " ind2=" ">
    <subfield code="0">0</subfield>
    <subfield code="1">0</subfield>
    <subfield code="2">ddc</subfield>
    <subfield code="4">0</subfield>
    <subfield code="7">0</subfield>
    <subfield code="a">MCS</subfield>
    <subfield code="b">MCS</subfield>
    <subfield code="c">GEN</subfield>
    <subfield code="d">2016-12-12</subfield>
    <subfield code="o">330,KHA</subfield>
    <subfield code="p">MCS30547</subfield>
    <subfield code="r">2016-12-08</subfield>
    <subfield code="w">2016-12-12</subfield>
    <subfield code="y">BK</subfield>
    <subfield code="z">Almirah No.50, Shelf No.2</subfield>
  </datafield>
</record>
